L'avenir de la codification en France et en Amérique Latine. Congrès international organisé dans le cadre du bicentenaire du Code civil des Français par l'Association Andrés Bello des juristes franco-latino-américains - Paris, Palais du Luxembourg, les 2 et 3 avril 2004
Saved in:
| Hovedforfatter: | |
|---|---|
| Format: | Bog |
| Sprog: | fransk |
| Udgivet: |
Paris, France:
Association Andrés Bello,
2004.
|
| Serier: | Les Colloques du Senat.
|
| Fag: | |
| Tags: |
Tilføj Tag
Ingen Tags, Vær først til at tagge denne postø!
|
MARC
| LEADER | 00000nam a2200000 a 4500 | ||
|---|---|---|---|
| 001 | UCK0613 | ||
| 003 | CL-VaPUC | ||
| 005 | 20240527131940.0 | ||
| 008 | 041015e20040000fr 1 fre d | ||
| 999 | |c 384072 |d 384070 | ||
| 020 | |a 2-11-1119601- | ||
| 022 | |2 1295-6694 | ||
| 040 | |c Pontificia Universidad Católica de Valparaíso | ||
| 082 | 0 | 4 | |a 346.44001 LAR 2004 |2 21 |
| 100 | |a Larroumet, Christian |e auteur |9 620631 | ||
| 245 | 1 | 2 | |a L'avenir de la codification en France et en Amérique Latine. |b Congrès international organisé dans le cadre du bicentenaire du Code civil des Français par l'Association Andrés Bello des juristes franco-latino-américains - Paris, Palais du Luxembourg, les 2 et 3 avril 2004 |
| 246 | 1 | 3 | |a El futuro de la codificación en Francia y en América Latina. |
| 260 | |a Paris, France: |b Association Andrés Bello, |c 2004. | ||
| 300 | |a 334 páginas. | ||
| 490 | 0 | |a Les Colloques du Senat. | |
| 500 | |a c.2 Donación Familia Prof. Alejandro Guzmán Brito. | ||
| 536 | |a Association Andrés Bello | ||
| 583 | |a last modification |c 20190823 10:28:10 |k Rodrigo Vera | ||
| 650 | 0 | 0 | |a Código civil francés |2 CL-VaPUC |9 405960 |
| 650 | 0 | 0 | |a Filosofía del derecho |9 255050 |
| 650 | 0 | 0 | |a Codificación |9 258568 |
| 650 | 0 | 0 | |a Derecho comparado |9 255664 |
| 942 | |c BK |2 ddc |n 0 | ||
| 945 | |a cmena |d 20041015 00:00:00 | ||
| 952 | |0 0 |1 0 |4 0 |6 346_440010000000000_LAR_2004 |7 0 |8 A |9 506508 |a BIBDER |b BIBDER |d 2020-01-23 |i 4071921 |o 346.44001 LAR 2004 |p 4071921 |r 2023-01-25 |w 2020-01-23 |y BK |k DER | ||
| 952 | |0 0 |1 0 |2 ddc |4 0 |6 346_440010000000000_LAR_2004 |7 1 |8 C_AGB |9 580988 |a BIBDER |b BIBDER |d 2022-01-31 |e Donación |i 5643341 |o 346.44001 LAR 2004 |p 5643341 |r 2023-01-25 |t 2 |w 2022-01-31 |y BK_US |k AGB | ||